000
00248nam a2200121Ia 4500
100
_a
#N/A
942
_c
BK
245
_a
The X team - JAVASERVER Pages Project for beginners
260
_b
#N/A
082
_b
21559
546
_a
ENGLISH
999
_c
18450
_d
18450